000 01214nam a2200253 a 4500
001 76796
003 BD-RjUL
005 20211209082905.0
008 202001s1977 ii a|||| |||| 00| 0 ben d
020 _c: IRs. 18.00 (Pt-12)
035 _a(BD-RjUL)77020
040 _aBD-RjUL
_bben
_cBD-RjUL
041 _aben
082 _223
_a891.44308032
_bCHR Pt-12 1977
100 1 _aচক্রবর্তী, সুবোধকুমার
_9237935
245 1 0 _aরম্যাণি বীক্ষ্য :
_bউপন্যাস-রসসিক্ত ভ্রমন-কাহিনী /
_cসুবোধকুমার চক্রবর্তী
250 _a৫ম সং.
260 _aকলিকাতা :
_bএ মুখার্জী এন্ড কোং প্রা লি,
_c১৯৭৭ (পৌষ ১৩৮৪)
300 _a পর্ব :
_bচিত্র. ;
_c২২ সেমি.
505 0 _aপর্ব-১২: কোশল পর্ব --
650 _aবাংলা উপন্যাস (ভ্রমণ কাহিনী)
_9170454
_xইতিহাস ও সমালোচনা
650 _aBengali fiction (Travelogue)
_9170455
_xHistory & Criticism
942 _2ddc
_cRAR
999 _c76796
_d76796